| 000 | 00622nac a22001571u 4500 | ||
|---|---|---|---|
| 008 | 100721s2004 ua|||||| ||| 00| 0aarad | ||
| 020 | _a9770910465 | ||
| 082 |
_a327.0956.73 _bأ م ي |
||
| 245 |
_aعصر التشهير بالعرب والمسلمين / _cجلال أمين |
||
| 260 |
_aالقاهرة : _bدار الشروق ،2004 _c2004. |
||
| 300 |
_a141 ص ؛ _b24 سم. |
||
| 511 | _aCatalogued by: Sara | ||
| 541 | _aالف باء | ||
| 651 |
_921556 _aالعالم العربي _xالعلاقات الخارجية _zالولايات المتحدة الأمريكية |
||
| 942 |
_cBB _k327.0956073 أ م ي _2ddc |
||
| 999 |
_c5484 _d5484 |
||